000 00280nam a22001217a 4500
003 SGT
082 _a420,BAN
100 _aBANSAL,R.K.
245 _aSPOKEN ENGLISH: MANUAL OF SPEECH AND PHONETICS
250 _a4TH
260 _aNEW DELHI
_bORIENT BLACKSWAN
_c2013
942 _2ddc
_cCD
999 _c10893
_d10893